000 00322pab a2200145 454500
008 180718b2017 xxu||||| |||| 00| 0 eng d
100 _aSrinivas, V.
245 _aZero tolerance to corruption
260 _c2017
300 _ap.35-38.
362 _aOct
650 _aCorruption
773 _aYojana
909 _a116397
999 _c116391
_d116391